000
00340nam a2200133Ia 4500
008
151001s9999||||xx |||||||||||||| ||und||
100
_a
देवेश दास
245
_a
रक्तराग
250
_a
1
260
_b
व्हीनस प्रकाशन पुणे
260
_c
1965
300
_a
270
365
_b
8.5
999
_c
953859
_d
953856